000 00711nam a2200289Ia 4500
005 20260324112616.0
008 008 260324s9999 xx 000 0 eng d
020 _a9781032691053
037 _aEBOOK
040 _aCRL
040 _beng
040 _cCRL
041 _2eng
041 _aeng
084 _qCRL
100 _aC. K. Dhaliwal; Poonam Rana; T. P. S. Brar
_91143414
245 0 _aPython Programming
245 2 _bA Step-by-Step Guide to Learning the Language
260 _bTaylor and Francis
260 _c2024
365 _a
365 _b185
856 _uhttp://www.taylorfrancis.com/books/9781032691053
942 _cEBOOK
999 _c1732679
_d1732679